000
00278nam a22001217a 4500
008
170413b xxu||||| |||| 00| 0 eng d
041
_a
eng
080
_a
612.39
100
_a
10
101
_a
SHM
245
_a
PROTEIN AND AMINO ACID NUTRITION
_c
ALBANESE, A.A
942
_2
udc
_c
BK
999
_c
10650
_d
10650